La cerimonia del massaggio

Guardat en:
Dades bibliogràfiques
Autor principal: Bennet Alan
Format: Llibre
Idioma:idioma desconegut
Publicat: Milano Adelphi 2002
Etiquetes: Afegir etiqueta
Sense etiquetes, Sigues el primer a etiquetar aquest registre!

MARC

LEADER 00000nam a2200000Ia 4500
001 770
003 NUMERAZIONE-ORIGINALE-BRESCIA
005 20260206230754.0
008 260206s9999 xx 000 0 und d
100 |a Bennet Alan 
245 0 |a La cerimonia del massaggio 
260 |a Milano 
260 |b Adelphi 
260 |c 2002 
500 |a Piccola Biblioteca 
942 |2 ddc  |c BK  |n 0 
952 |0 0  |1 0  |2 ddc  |4 0  |6 24  |7 0  |9 28656  |a BS  |b BS  |d 2026-02-06  |i 770  |l 0  |o 2-4-*  |r 2026-02-06 22:40:39  |w 2026-02-06  |x [REVISIONARE]  |y BK 
999 |c 24314  |d 24314